[Event "Frankfurt Ch B 2019"]
[Site "Ffm-Höchst, BiKuZ"]
[Date "2019.06.04"]
[Round "6.3"]
[White "Le, Tung Lam"]
[Black "Wöhl, Torsten"]
[Result "1/2-1/2"]
[WhiteElo "1358"]
[BlackElo "1324"]
[PlyCount "84"]
[EventDate "2019.??.??"]
[WhiteTeam "Schach AG im FDG"]
[BlackTeam "SC Groß-Zimmern"]

1. e4 e6 2. d4 d5 3. Nd2 c5 4. Ngf3 Nc6 5. exd5 exd5 6. Bb5 Qb6 7. Qe2+ Be6 8.
O-O Be7 9. dxc5 Qxc5 10. Nb3 Qd6 11. Be3 Nf6 12. Bc5 Qc7 13. Bxe7 Qxe7 14. Nbd4
O-O 15. Nxc6 bxc6 16. Bxc6 Rac8 17. Ba4 Rc4 18. Bb3 Re4 19. Qd3 Rd8 20. Rfe1
Bf5 21. Qd2 Qd6 22. Qg5 Bg6 23. Qg3 Qc5 24. Rxe4 Nxe4 25. Qh4 Nf6 26. Qd4 Qc8
27. c3 Qb8 28. Re1 Be4 29. Ne5 Qc7 30. f3 Bf5 31. Nd3 Be6 32. Nf4 Bc8 33. Nxd5
Nxd5 34. Bxd5 Be6 35. c4 g6 36. Qe4 Qb6+ 37. Kf1 Bxd5 38. cxd5 Qb5+ 39. Kg1
Qxb2 40. a4 Qd2 41. Re2 Qc1+ 42. Kf2 Qc5+ 1/2-1/2

[Event "Frankfurt Ch B 2019"]
[Site "Ffm-Höchst, BiKuZ"]
[Date "2019.06.04"]
[Round "6.4"]
[White "Engelhardt, Michael"]
[Black "Grinberg, Igor"]
[Result "1/2-1/2"]
[WhiteElo "1467"]
[BlackElo "1187"]
[PlyCount "117"]
[EventDate "2019.??.??"]
[WhiteTeam "SV Nauheim"]
[BlackTeam "TuS Makkabi"]

1. e4 e5 2. d4 exd4 3. c3 dxc3 4. Bc4 c2 5. Qxc2 Nc6 6. Nf3 Bb4+ 7. Nc3 h6 8.
O-O d6 9. Nd5 Nf6 10. Nxb4 Nxb4 11. Bxf7+ Kxf7 12. Qc4+ Nbd5 13. exd5 Re8 14.
Nd4 a6 15. Bd2 Re5 16. Ne6 Bxe6 17. dxe6+ Rxe6 18. Rfe1 Qd7 19. Rxe6 Qxe6 20.
Qxc7+ Qd7 21. Qxd7+ Nxd7 22. Bb4 d5 23. Rd1 Nf6 24. Bc3 Rd8 25. Bxf6 Kxf6 26.
f4 Kf5 27. Rd4 Ke6 28. Kf2 Rc8 29. Rd2 Rf8 30. Ke3 Re8 31. g4 Kd6+ 32. Kd3 Re4
33. Rf2 Kc5 34. a3 a5 35. b3 b5 36. h3 Re1 37. Rc2+ Kd6 38. Rc8 Rh1 39. Kd4
Rxh3 40. Rd8+ Ke6 41. Ra8 Rxb3 42. Rxa5 Rb1 43. Ra6+ Kf7 44. Kxd5 b4 45. Rb6
Rd1+ 46. Kc4 bxa3 47. Ra6 Rf1 48. f5 Rf4+ 49. Kd5 Rxg4 50. Ke5 Rg5 51. Rxa3 h5
52. Ra7+ Kg8 53. Ke6 h4 54. Ra8+ Kh7 55. Ra7 Kh6 56. Ra8 Kh5 57. f6 gxf6 58.
Kxf6 h3 59. Rh8+ 1/2-1/2

[Event "Frankfurt Ch B 2019"]
[Site "Ffm-Höchst, BiKuZ"]
[Date "2019.06.04"]
[Round "6.5"]
[White "SchÃ¤fer, Dieter"]
[Black "Trumpp, Christopher"]
[Result "1/2-1/2"]
[WhiteElo "1167"]
[BlackElo "1438"]
[PlyCount "115"]
[EventDate "2019.??.??"]
[WhiteTeam "SV Ffm-Griesheim"]
[BlackTeam "Berkershm"]

1. d4 d6 2. c4 Nf6 3. Nc3 g6 4. e4 Bg7 5. Bg5 Nbd7 6. Nf3 h6 7. Bf4 Nh5 8. Qd2
Nxf4 9. Qxf4 e5 10. dxe5 Nxe5 11. Rd1 Be6 12. c5 Nxf3+ 13. Qxf3 O-O 14. b3 Qg5
15. Be2 Qxc5 16. Rc1 Rad8 17. O-O Qa5 18. Rfd1 c6 19. Rd2 Rd7 20. Nb1 Rfd8 21.
Rcd1 d5 22. exd5 Rxd5 23. Qe3 Rxd2 24. Rxd2 Rxd2 25. Qxd2 Qxd2 26. Nxd2 Kf8 27.
Kf1 Ke7 28. Ke1 Kd6 29. Ne4+ Ke5 30. Nc5 Bc8 31. g3 Kd4 32. Na4 Kd5 33. Kd2 Bf5
34. Nc3+ Kd6 35. Bc4 Bxc3+ 36. Kxc3 f6 37. Kd4 b5 38. Be2 h5 39. f4 c5+ 40. Kc3
a6 41. a3 Kd5 42. Bf3+ Be4 43. Be2 Kc6 44. Bf1 g5 45. fxg5 fxg5 46. Be2 h4 47.
gxh4 gxh4 48. Bg4 Kd5 49. Bc8 a5 50. Ba6 b4+ 51. axb4 axb4+ 52. Kd2 Kd4 53. Be2
Bd5 54. Bd1 c4 55. bxc4 Kxc4 56. Kc2 b3+ 57. Kb2 Kd3 58. Bxb3 1/2-1/2

[Event "Frankfurt Ch B 2019"]
[Site "Ffm-Höchst, BiKuZ"]
[Date "2019.06.04"]
[Round "6.6"]
[White "Klinke, Roland"]
[Black "Ketting, Douwe"]
[Result "0-1"]
[WhiteElo "1157"]
[BlackElo "1397"]
[PlyCount "72"]
[EventDate "2019.??.??"]
[WhiteTeam "TuS Dotzheim"]
[BlackTeam "SC Somborn"]

1. d4 Nf6 2. c4 g6 3. Nc3 d5 4. cxd5 Nxd5 5. e4 Nxc3 6. bxc3 Bg7 7. Nf3 O-O 8.
Be2 c5 9. Rb1 Nc6 10. Bb2 cxd4 11. cxd4 Qa5+ 12. Qd2 Qxa2 13. O-O Qa5 14. Bc3
Qc7 15. Rfc1 Qd8 16. d5 Nb8 17. Bxg7 Kxg7 18. Qd4+ Kg8 19. e5 Nd7 20. Bc4 Nb6
21. Ba2 Bf5 22. Rb2 Rc8 23. Rxc8 Qxc8 24. Qd1 Rd8 25. Rd2 Qc5 26. Ng5 h6 27.
Nf3 Be4 28. Ne1 Nxd5 29. Nd3 Bxd3 30. Rxd3 e6 31. h3 b5 32. Rd2 Qc6 33. Rc2 Qb6
34. Rd2 Qb7 35. Qg4 Kg7 36. Kf1 Ne3+ 0-1

[Event "Frankfurt Ch B 2019"]
[Site "Ffm-Höchst, BiKuZ"]
[Date "2019.06.04"]
[Round "6.7"]
[White "Bauer, Alfred"]
[Black "Sturm, Holger"]
[Result "1-0"]
[WhiteElo "1298"]
[BlackElo "1133"]
[PlyCount "111"]
[EventDate "2019.??.??"]
[WhiteTeam "Freibauer Mörlenbach"]
[BlackTeam "Schierstein"]

1. e4 g6 2. d4 Bg7 3. Nf3 d6 4. Be3 Nf6 5. Nbd2 O-O 6. Bc4 c6 7. O-O Nbd7 8.
Re1 b5 9. Bb3 Qc7 10. c3 Bb7 11. Rc1 e5 12. dxe5 dxe5 13. Qc2 h6 14. c4 a6 15.
cxb5 axb5 16. a3 Ng4 17. Nb1 Nxe3 18. Rxe3 Rfd8 19. Nc3 Qb6 20. Rd1 Nc5 21.
Rxd8+ Rxd8 22. Ba2 Bf6 23. Re1 Nd3 24. Rd1 Nf4 25. Rxd8+ Qxd8 26. Qb3 Qd7 27.
g3 Nh3+ 28. Kg2 Ng5 29. Nxg5 Bxg5 30. a4 Bd2 31. axb5 Bxc3 32. Qxc3 Qd6 33. Qb3
Qd7 34. bxc6 Bxc6 35. Qb8+ Qe8 36. Qxe8+ Bxe8 37. Bd5 Kf8 38. Kf3 Ke7 39. Ke3
Kd6 40. Kd3 f5 41. f3 Bb5+ 42. Bc4 fxe4+ 43. fxe4 Kc5 44. b3 g5 45. Kc3 Bxc4
46. bxc4 h5 47. h3 g4 48. h4 Kd6 49. Kb4 Kc6 50. c5 Kb7 51. Kb5 Kc7 52. c6 Kb8
53. Kc5 Kc7 54. Kd5 Kb6 55. Kd6 Kb5 56. c7 1-0

[Event "Frankfurt Ch B 2019"]
[Site "Ffm-Höchst, BiKuZ"]
[Date "2019.06.04"]
[Round "6.8"]
[White "Özyar, Arin"]
[Black "Dröser, Wolfgang"]
[Result "0-1"]
[WhiteElo "1167"]
[BlackElo "1276"]
[PlyCount "28"]
[EventDate "2019.??.??"]
[WhiteTeam "SC Bad Soden"]
[BlackTeam "SC Sulzbach"]

1. e4 d6 2. Nf3 g6 3. d4 Bg7 4. Bc4 e6 5. O-O h6 6. Nc3 a6 7. Re1 Ne7 8. Bf4
Nd7 9. Qd2 Nb6 10. Rad1 Nxc4 11. Qc1 Bd7 12. e5 g5 13. Bg3 Nf5 14. exd6 cxd6
0-1

[Event "Frankfurt Ch B 2019"]
[Site "Ffm-Höchst, BiKuZ"]
[Date "2019.06.04"]
[Round "6.9"]
[White "Lassek, Bjarne"]
[Black "Brunner, Andreas"]
[Result "1-0"]
[WhiteElo "1194"]
[BlackElo "1338"]
[WhiteTeam "Schach AG im FDG"]
[BlackTeam "Berkershm"]

1. e4 e5  2. Nf3 Nc6 3. Bc4 Nf6 4. d4 Bd6 5. O-O O-O 6. Bg5 h6 7.
Bh4 b6 8. Nc3 g5 9. Bg3 Re8 10. d5 Na5 11. Be2 a6 12. h4 Nh7 13. hxg5 hxg5 14.
Nh2 c6 15. Bh5 Nf6 16. Re1 Kg7 17. Nf1 Rh8 18. Bg4 Rh6 19. Ne3 Nxg4 20. Nf5+
Kh7 21. Qxg4 Qf6 22. Nxh6 Qxh6 23. Re3 f6 24. Bxe5 Bxe5 25. Rh3 Qxh3 26. Qxh3+
Kg7 27. g3 d6 28. Qg2 c5 29. f4 Bd4+ 30. Kf1 Bg4 31. Ke1 Rh8 32. Rd1 Be3 33.
Rd3 Bc1 34. b3 c4 35. bxc4 Nxc4 36. Qg1 Na3 37. Rd2 Nc4 38. Rh2 Rc8 39. Qh1
gxf4 40. Rh7+ Kg8 41. Rh8+ Kf7 42. Qh7# 1-0

[Event "Frankfurt Ch B 2019"]
[Site "Ffm-Höchst, BiKuZ"]
[Date "2019.06.04"]
[Round "6.10"]
[White "Brendel, Lutz"]
[Black "Manasek, Martin"]
[Result "1-0"]
[WhiteElo "1407"]
[BlackElo "1360"]
[PlyCount "69"]
[EventDate "2019.??.??"]
[WhiteTeam "Schach AG im FDG"]
[BlackTeam "SC Flörsheim"]

1. g4 d5 2. Bg2 e5 3. c4 dxc4 4. Qa4+ Nc6 5. Bxc6+ bxc6 6. Qxc6+ Bd7 7. Qxc4
Nf6 8. g5 Nh5 9. d3 Be7 10. Nf3 Bd6 11. Nc3 O-O 12. Ne4 Be6 13. Qc3 Rb8 14. a3
Rb3 15. Qc2 Nf4 16. Bxf4 exf4 17. h4 Qb8 18. O-O-O Qb6 19. Nfd2 Rxa3 20. Nxd6
Ra1+ 21. Nb1 cxd6 22. Kd2 Qxf2 23. Rc1 Bg4 24. Nc3 Qe3+ 25. Kd1 Rxc1+ 26. Qxc1
Qe5 27. Rf1 f3 28. exf3 Be6 29. f4 Bb3+ 30. Kd2 Qf5 31. Qe1 Rc8 32. Qe4 Qa5 33.
Qb7 Be6 34. Re1 Qf5 35. Qxc8+ 1-0

[Event "Frankfurt Ch B 2019"]
[Site "Ffm-Höchst, BiKuZ"]
[Date "2019.06.04"]
[Round "6.11"]
[White "Paulicks, Frank"]
[Black "Wich, Manuela"]
[Result "0-1"]
[WhiteElo "1252"]
[BlackElo "1488"]
[PlyCount "120"]
[EventDate "2019.??.??"]
[WhiteTeam "SC Bad Nauheim"]
[BlackTeam "SV Hofheim"]

1. e4 d6 2. Nf3 e5 3. Bc4 Bg4 4. Be2 Nf6 5. Nc3 c6 6. d4 Bxf3 7. Bxf3 Be7 8.
Be3 Nbd7 9. O-O O-O 10. b4 d5 11. a3 dxe4 12. Nxe4 Nxe4 13. Bxe4 Nf6 14. Bf5 g6
15. Bh3 Qc7 16. c3 Rad8 17. Qc2 Nd5 18. Rfe1 Nxe3 19. fxe3 Bf6 20. Rab1 exd4
21. exd4 Bg7 22. Re2 Rfe8 23. Rxe8+ Rxe8 24. Qf2 Qe7 25. Kf1 Qe3 26. Qe1 Qf4+
27. Qf2 Qxh2 28. Qg1 Qxg1+ 29. Kxg1 Re2 30. a4 Bh6 31. c4 b6 32. Bd7 c5 33.
dxc5 bxc5 34. bxc5 Rc2 35. Bb5 Be3+ 36. Kh1 Bxc5 37. Rf1 h5 38. Be8 Rf2 39. Rd1
Rf4 40. Kh2 g5 41. Rd3 Rd4 42. Rf3 Bd6+ 43. Kg1 Rd1+ 44. Kf2 Bf4 45. Ke2 Rd4
46. Kf2 Rxc4 47. g3 Re4 48. Bxf7+ Kxf7 49. gxf4 gxf4 50. a5 Ra4 51. a6 Kf6 52.
Kg2 Kg5 53. Rd3 Rxa6 54. Rd5+ Kg4 55. Rd7 Ra2+ 56. Kf1 Kf3 57. Rd3+ Kg4 58. Rd4
h4 59. Kg1 Kg3 60. Rd7 Ra1+ 0-1

[Event "Frankfurt Ch B 2019"]
[Site "Ffm-Höchst, BiKuZ"]
[Date "2019.06.04"]
[Round "6.12"]
[White "Wundram, Till"]
[Black "Czinkota, Michael"]
[Result "0-1"]
[WhiteElo "1310"]
[BlackElo "1144"]
[PlyCount "122"]
[EventDate "2019.??.??"]
[WhiteTeam "vereinslos"]
[BlackTeam "SC Bad Soden"]

1. e4 e5 2. Nf3 Nc6 3. Bb5 a6 4. Ba4 Bc5 5. c3 Nf6 6. O-O Nxe4 7. d4 exd4 8.
Nxd4 O-O 9. Qf3 Nf6 10. Nf5 d6 11. Bc2 Ne7 12. Nh6+ Kh8 13. Re1 Ng6 14. Bg5 Ne5
15. Qf4 Nd5 16. Qe4 f5 17. Qxd5 Qxg5 18. Nf7+ Nxf7 19. Qxf7 Qd8 20. Qd5 c6 21.
Qd3 Qb6 22. Kh1 Qxb2 23. Nd2 Qb5 24. c4 Qb2 25. Nb3 Bb4 26. Re7 d5 27. Rae1
Bxe1 28. Rxe1 dxc4 29. Qxc4 Bd7 30. Nc5 Rae8 31. Rd1 Bc8 32. h3 b5 33. Qd3 Qe5
34. Nd7 Bxd7 35. Qxd7 Qe6 36. Qd3 Qd5 37. Qxd5 cxd5 38. Rxd5 Re2 39. Bxf5 Rxf2
40. Be4 Rxa2 41. Rh5 h6 42. Kh2 Kg8 43. Bd5+ Kh7 44. Bxa2 b4 45. Ra5 Rf6 46.
Bc4 Rb6 47. Bxa6 b3 48. Bd3+ g6 49. Ra7+ Kg8 50. g4 b2 51. Bb1 Rd6 52. Rb7 Rd2+
53. Kg3 g5 54. Ba2+ Kh8 55. Bb1 Kg8 56. Rh7 Rd1 57. Bf5 b1=Q 58. Bxb1 Rxb1 59.
Rxh6 Rb3+ 60. Kf2 Kg7 61. Kg2 Kxh6 0-1

[Event "Frankfurt Ch B 2019"]
[Site "Ffm-Höchst, BiKuZ"]
[Date "2019.06.04"]
[Round "6.13"]
[White "Tryfon, Konstantin"]
[Black "Grünzig, Matthias"]
[Result "1-0"]
[WhiteElo "1239"]
[BlackElo "1298"]
[PlyCount "59"]
[EventDate "2019.??.??"]
[WhiteTeam "SV Hofheim"]
[BlackTeam "Berkershm"]

1. e4 d5 2. exd5 Qxd5 3. Nc3 Qa5 4. Nf3 c6 5. d4 Bg4 6. Bc4 e6 7. O-O Nf6 8.
Bd2 Qb6 9. Re1 Bxf3 10. Qxf3 Be7 11. Qd3 O-O 12. Qg3 Kh8 13. d5 cxd5 14. Bxd5
Bd6 15. Na4 Bxg3 16. Nxb6 Bxf2+ 17. Kxf2 Nxd5 18. Nxa8 Na6 19. Rf1 Rxa8 20. Kg1
Kg8 21. Rf3 Nc5 22. Raf1 Ne4 23. Be1 f5 24. c4 Ndf6 25. Bc3 Nxc3 26. Rxc3 Ne4
27. Re3 Rd8 28. g4 g6 29. b3 Kf7 30. Rxe4 1-0

[Event "Frankfurt Ch B 2019"]
[Site "Ffm-Höchst, BiKuZ"]
[Date "2019.06.04"]
[Round "6.14"]
[White "Pessotschinski, Eduard"]
[Black "Corluka, Lukas"]
[Result "1-0"]
[WhiteElo "1263"]
[BlackElo "1135"]
[PlyCount "71"]
[EventDate "2019.??.??"]
[WhiteTeam "TuS Makkabi"]
[BlackTeam "Schach AG im FDG"]

1. e4 e5 2. Nf3 Nc6 3. d4 d5 4. dxe5 d4 5. Bb5 Nge7 6. Nxd4 Be6 7. Bg5 Qd7 8.
O-O h6 9. Be3 O-O-O 10. Nc3 f5 11. exf6 gxf6 12. Qf3 Bg7 13. Rfd1 Bg4 14. Qg3
Bxd1 15. Rxd1 Rhg8 16. Qf3 Qe8 17. Nd5 Nxd5 18. exd5 Nxd4 19. Qh3+ Rd7 20. Bxd4
Qe7 21. Bxd7+ Qxd7 22. Qxd7+ Kxd7 23. Re1 Kd6 24. c4 c5 25. Bc3 Kd7 26. Re6 Re8
27. Rxe8 Kxe8 28. Kf1 a6 29. a4 Kf7 30. Ke2 f5 31. Bxg7 Kxg7 32. Kf3 Kf6 33.
Kf4 a5 34. b3 b6 35. h4 h5 36. g3 1-0

[Event "Frankfurt Ch B 2019"]
[Site "Ffm-Höchst, BiKuZ"]
[Date "2019.06.04"]
[Round "6.15"]
[White "Häfner, Günther"]
[Black "Rosen, Thomas"]
[Result "0-1"]
[WhiteElo "1203"]
[BlackElo "1257"]
[PlyCount "102"]
[EventDate "2019.??.??"]
[WhiteTeam "Berkershm"]
[BlackTeam "SV Lahn Limburg"]

1. e4 e5 2. Nf3 Nc6 3. d4 exd4 4. Bc4 Nf6 5. O-O Be7 6. Re1 d6 7. Bb5 O-O 8.
Nxd4 Nxd4 9. Qxd4 a6 10. Be2 c5 11. Qd1 Nxe4 12. Bd3 d5 13. c4 Nf6 14. Nc3 Be6
15. b3 dxc4 16. Bxc4 Qxd1 17. Rxd1 Bxc4 18. bxc4 Rfd8 19. Re1 Kf8 20. Be3 Rd3
21. Na4 Rc8 22. Rad1 Rxd1 23. Rxd1 b5 24. cxb5 axb5 25. Nb6 Rb8 26. Nd5 Nxd5
27. Rxd5 c4 28. Bc5 c3 29. Be3 Ba3 30. Bc5+ Bxc5 31. Rxc5 b4 32. Kf1 Ke8 33.
Ke2 Kd7 34. Rc4 Rb6 35. Kd3 Kd6 36. Rd4+ Kc5 37. Rc4+ Kb5 38. Kd4 Rc6 39. Rxc6
Kxc6 40. Kd3 Kc5 41. Kc2 Kd4 42. h3 g6 43. g3 h6 44. h4 f6 45. g4 f5 46. h5
gxh5 47. gxf5 Ke5 48. a3 bxa3 49. Kxc3 h4 50. Kb3 h3 51. Kxa3 h2 0-1

[Event "Frankfurt Ch B 2019"]
[Site "Ffm-Höchst, BiKuZ"]
[Date "2019.06.04"]
[Round "6.16"]
[White "Mook, Karl-Jürgen"]
[Black "Fredershausen, Kurt"]
[Result "1-0"]
[WhiteElo "1261"]
[BlackElo "1079"]
[PlyCount "43"]
[EventDate "2019.??.??"]
[WhiteTeam "SC Sulzbach"]
[BlackTeam "SC Bad Soden"]

1. Nf3 Nc6 2. c4 e6 3. e4 Bd6 4. Nc3 a6 5. b3 e5 6. Bb2 Nf6 7. Be2 b6 8. O-O
O-O 9. d4 exd4 10. Nxd4 Nxd4 11. Qxd4 Bc5 12. Qd3 Bb7 13. e5 Ne8 14. Ne4 Bxe4
15. Qxe4 Be7 16. Bd3 g6 17. Rad1 d6 18. f4 Ng7 19. f5 gxf5 20. Rxf5 Qd7 21. Rh5
Nxh5 22. Qxh7# 1-0

[Event "Frankfurt Ch B 2019"]
[Site "Ffm-Höchst, BiKuZ"]
[Date "2019.06.04"]
[Round "6.17"]
[White "Landvoigt, Martin"]
[Black "Czinkota, Thomas"]
[Result "1-0"]
[WhiteElo "1232"]
[BlackElo "828"]
[PlyCount "57"]
[EventDate "2019.??.??"]
[WhiteTeam "SF Friedberg"]
[BlackTeam "SC Bad Soden"]

1. d4 d5 2. c4 Nf6 3. e3 dxc4 4. Bxc4 Bg4 5. Nf3 Ne4 6. h3 Bxf3 7. Qxf3 f5 8.
Qxf5 Nd6 9. Qd3 Nxc4 10. Qxc4 e5 11. dxe5 Nc6 12. e6 Qf6 13. O-O O-O-O 14. Nc3
Bd6 15. Ne4 Qe5 16. f4 Qh5 17. Bd2 Rhe8 18. Bc3 Qg6 19. Ng5 Re7 20. Rad1 h6 21.
Nf7 Rde8 22. Nxd6+ cxd6 23. b4 Rxe6 24. f5 Re4 25. Qxe4 Rxe4 26. fxg6 Nxb4 27.
Bxb4 Rxb4 28. Rf8+ Kc7 29. Rf7+ 1-0

[Event "Frankfurt Ch B 2019"]
[Site "Ffm-Höchst, BiKuZ"]
[Date "2019.06.04"]
[Round "6.19"]
[White "Hartwig, Horst"]
[Black "Grimm, Heinz-Peter"]
[Result "0-1"]
[WhiteElo "1080"]
[BlackElo "1445"]
[PlyCount "92"]
[EventDate "2019.??.??"]
[WhiteTeam "vereinslos"]
[BlackTeam "vereinslos"]

1. e4 e5 2. Nf3 Nc6 3. Bb5 Nge7 4. O-O a6 5. Bc4 b5 6. Bb3 d6 7. h3 h6 8. c3 f5
9. d3 f4 10. d4 g5 11. d5 Na5 12. Nfd2 Nxb3 13. Qh5+ Kd7 14. Nxb3 Qe8 15. Qe2
Kd8 16. Na5 Rb8 17. f3 b4 18. Qc4 Qb5 19. Nc6+ Nxc6 20. Qxc6 Qxc6 21. dxc6 bxc3
22. Nxc3 Rb6 23. Nd5 Rxc6 24. Rd1 Be6 25. Nc3 Rc4 26. Kh2 Kd7 27. Ne2 Be7 28.
Rd2 Rb8 29. b3 Rc6 30. Bb2 Rb5 31. Nc3 Rbc5 32. Na4 Rc2 33. Rad1 Rxd2 34. Rxd2
Ke8 35. g3 a5 36. Nc3 Rb6 37. Nd5 Bxd5 38. Rxd5 a4 39. Rd3 c5 40. Rc3 axb3 41.
a3 Bd8 42. h4 gxh4 43. gxf4 exf4 44. Rc4 Kf7 45. Kh3 h5 46. Rc3 Bf6 0-1

[Event "Frankfurt Ch A 2019"]
[Site "Ffm-Höchst, BiKuZ"]
[Date "2019.06.17"]
[Round "7.1"]
[White "Khenkin, Igor"]
[Black "Poetsch, Hagen"]
[Result "1/2-1/2"]
[WhiteElo "2512"]
[BlackElo "2497"]
[PlyCount "65"]
[EventDate "2019.??.??"]
[WhiteTeam "SG Turm Kiel"]
[BlackTeam "SC Heusenstamm"]

1. Nf3 d5 2. d4 Nf6 3. c4 c6 4. Nc3 dxc4 5. a4 e6 6. e3 c5 7. Bxc4 cxd4 8. exd4
Nc6 9. O-O Be7 10. Qe2 O-O 11. Rd1 Nb4 12. Ne5 b6 13. Qf3 Nfd5 14. Nxd5 exd5
15. Bb5 Be6 16. Bf4 Bg5 17. Bxg5 Qxg5 18. Qb3 a5 19. Nc6 Nxc6 20. Bxc6 Rab8 21.
Rac1 Rfc8 22. Rc3 Bg4 23. Re1 Qd2 24. Rce3 Qxd4 25. Bxd5 Bh5 26. h3 h6 27. Re7
Qf6 28. g4 Bg6 29. R7e6 Bc2 30. Qb5 Qf4 31. Re8+ Kh7 32. Rxc8 Rxc8 33. Qd7
1/2-1/2

[Event "Frankfurt Ch A 2019"]
[Site "Ffm-Höchst, BiKuZ"]
[Date "2019.06.17"]
[Round "7.2"]
[White "Neukirchner, Pascal"]
[Black "Milov, Leonid"]
[Result "1-0"]
[WhiteElo "2298"]
[BlackElo "2456"]
[PlyCount "81"]
[EventDate "2019.??.??"]
[WhiteTeam "SK Gründau"]
[BlackTeam "SC Noris-Tarrasch Nürnberg"]

1. d4 d5 2. c4 dxc4 3. e4 Nf6 4. e5 Nd5 5. Bxc4 Nb6 6. Bb3 Bf5 7. Nc3 e6 8.
Nge2 Nc6 9. O-O Qd7 10. Be3 O-O-O 11. Qc1 h5 12. Rd1 Qe8 13. a3 h4 14. h3 Kb8
15. Bc2 Bxc2 16. Qxc2 f6 17. Qe4 f5 18. Qc2 Qf7 19. Rac1 Rg8 20. d5 exd5 21.
Bxb6 axb6 22. Nb5 Na7 23. e6 Qe7 24. Nxa7 Qc5 25. Nb5 Qxc2 26. Rxc2 c6 27. Nbd4
g6 28. Rxc6 bxc6 29. Nxc6+ Kc7 30. Nxd8 Kxd8 31. Rxd5+ Ke7 32. Nf4 Bh6 33. Rd7+
Kf6 34. e7 Rc8 35. Nd5+ Kf7 36. Nc7 Rxc7 37. Rxc7 Bg5 38. Rb7 Bxe7 39. Rxb6 Bc5
40. Rc6 Bd4 41. b4 1-0

[Event "Frankfurt Ch A 2019"]
[Site "Ffm-Höchst, BiKuZ"]
[Date "2019.06.17"]
[Round "7.4"]
[White "Nehmert, Ulrich"]
[Black "Legde, Georg"]
[Result "1/2-1/2"]
[WhiteElo "2152"]
[BlackElo "2263"]
[PlyCount "20"]
[EventDate "2019.??.??"]
[WhiteTeam "Wiesbadener SV"]
[BlackTeam "Freibauer Mörlenbach"]

1. d4 d5 2. c4 dxc4 3. e3 Be6 4. Na3 Nf6 5. Nf3 Bd5 6. Bxc4 e6 7. O-O Bxa3 8.
Bxd5 exd5 9. Qa4+ Nc6 10. Qxa3 Qd6 1/2-1/2

[Event "Frankfurt Ch A 2019"]
[Site "Ffm-Höchst, BiKuZ"]
[Date "2019.06.17"]
[Round "7.5"]
[White "Uwira, Oliver"]
[Black "Koch, Markus"]
[Result "1-0"]
[WhiteElo "2143"]
[BlackElo "2089"]
[PlyCount "71"]
[EventDate "2019.??.??"]
[WhiteTeam "SC Nied"]
[BlackTeam "SC Brett vorm Kopp"]

1. d4 d5 2. c4 c6 3. Nf3 e6 4. Nc3 Nf6 5. Bg5 dxc4 6. e4 b5 7. e5 h6 8. Bh4 g5
9. Nxg5 hxg5 10. Bxg5 Nbd7 11. g3 Qb6 12. exf6 Bb7 13. Bg2 O-O-O 14. O-O c5 15.
d5 b4 16. Na4 Qb5 17. a3 Nb8 18. axb4 cxb4 19. Qg4 Bxd5 20. Rfc1 Nc6 21. Bxd5
Rxd5 22. Rxc4 Rxg5 23. Qd4 Kb8 24. Rxc6 Qxc6 25. Qf4+ Bd6 26. Qxg5 Qf3 27. Qb5+
Qb7 28. Qd3 Qc6 29. Rd1 Bc7 30. Qd7 Qc2 31. Rd4 Qc1+ 32. Kg2 Qe1 33. Qb5+ Kc8
34. Qd3 Rh5 35. Qf3 Rb5 36. Qa8+ 1-0

[Event "Frankfurt Ch A 2019"]
[Site "Ffm-Höchst, BiKuZ"]
[Date "2019.06.17"]
[Round "7.6"]
[White "Waffenschmidt, Joachim"]
[Black "Weber, Samuel"]
[Result "0-1"]
[WhiteElo "2001"]
[BlackElo "2147"]
[PlyCount "121"]
[EventDate "2019.??.??"]
[WhiteTeam "SC Brett vorm Kopp"]
[BlackTeam "SV Oberursel"]

1. d4 Nf6 2. c4 e6 3. Nc3 c5 4. d5 exd5 5. cxd5 d6 6. Nf3 g6 7. Bf4 Bg7 8. Qa4+
Bd7 9. Qb3 Qc7 10. e4 O-O 11. Bd3 Rc8 12. Nd2 Nh5 13. Be3 f5 14. exf5 gxf5 15.
Be2 Be8 16. Nc4 Bxc3+ 17. Qxc3 b5 18. Bxh5 Bxh5 19. Nd2 Qf7 20. O-O Nd7 21. Bf4
Qxd5 22. Rfe1 Re8 23. Nf1 Ne5 24. Ng3 Bg6 25. Rad1 b4 26. Rxd5 bxc3 27. Bxe5
cxb2 28. Rb1 Rxe5 29. Rxe5 dxe5 30. Rxb2 Kf7 31. h4 Ke6 32. h5 Bf7 33. Rb7 Bg8
34. h6 Rc8 35. Rxa7 e4 36. Ne2 c4 37. Ra3 Bf7 38. Rc3 Ke5 39. f4+ Kd5 40. Kf2
Ra8 41. a3 Bh5 42. Rg3 Bg6 43. Rc3 Rb8 44. Ke3 Rb3 45. Kd2 Bh5 46. Rxb3 cxb3
47. Ng3 Bg4 48. Kc3 e3 49. Kxb3 e2 50. Nxe2 Bxe2 51. Kb4 Ke4 52. Kc5 Kxf4 53.
Kd4 Bf1 54. a4 Bxg2 55. a5 Kg5 56. Ke5 Be4 57. a6 Kxh6 58. Kf4 Kg6 59. a7 h5
60. Kg3 Kg5 61. Kh3 0-1

[Event "Frankfurt Ch A 2019"]
[Site "Ffm-Höchst, BiKuZ"]
[Date "2019.06.17"]
[Round "7.7"]
[White "Neininger, Ralph"]
[Black "Schwenkreis, Thomas"]
[Result "1-0"]
[WhiteElo "2133"]
[BlackElo "1995"]
[PlyCount "77"]
[EventDate "2019.??.??"]
[WhiteTeam "SV Oberursel"]
[BlackTeam "SV Oberursel"]

1. d4 Nf6 2. c4 d6 3. Nc3 Nbd7 4. e4 e5 5. Nf3 c6 6. Be2 Be7 7. O-O Qc7 8. Qc2
O-O 9. Be3 Re8 10. b4 Bf8 11. dxe5 dxe5 12. c5 b6 13. cxb6 axb6 14. Qb2 Bb7 15.
Nd2 c5 16. b5 Ra7 17. f3 Nh5 18. a4 Nf4 19. Bc4 Ne6 20. Bxe6 Rxe6 21. Nc4 Nf6
22. a5 Nd7 23. axb6 Nxb6 24. Rxa7 Nxc4 25. Qe2 Nxe3 26. Qxe3 c4 27. Kh1 Qc8 28.
Ra4 Rd6 29. Qc1 Rd4 30. Ne2 Rd7 31. Rxc4 Qd8 32. Nc3 g6 33. Rd1 Bh6 34. Rxd7
Qxd7 35. Qd1 Qe8 36. Qd6 Bf8 37. Qb6 Qa8 38. Na4 Bc8 39. Qd8 1-0

[Event "Frankfurt Ch A 2019"]
[Site "Ffm-Höchst, BiKuZ"]
[Date "2019.06.17"]
[Round "7.8"]
[White "Bagatsch, Thomas"]
[Black "Hankel, Dennis"]
[Result "0-1"]
[WhiteElo "1973"]
[BlackElo "2131"]
[PlyCount "54"]
[EventDate "2019.??.??"]
[WhiteTeam "SC Brett vorm Kopp"]
[BlackTeam "SF Neuberg"]

1. e4 c6 2. d4 d5 3. exd5 cxd5 4. c4 Nf6 5. Nc3 Nc6 6. Nf3 Be6 7. c5 g6 8. b4
Ne4 9. Qb3 Bg7 10. Be3 O-O 11. h3 a6 12. Na4 f5 13. Rd1 f4 14. Bc1 Qc7 15. Nb6
Rad8 16. Bd3 Bf7 17. Bb2 e5 18. dxe5 Nxe5 19. Nxe5 Bxe5 20. Bxe5 Qxe5 21. O-O
Nc3 22. Rfe1 Qf6 23. Rc1 d4 24. Bc4 f3 25. Bxf7+ Rxf7 26. Rc2 Ne2+ 27. Kh2 d3
0-1

[Event "Frankfurt Ch A 2019"]
[Site "Ffm-Höchst, BiKuZ"]
[Date "2019.06.17"]
[Round "7.9"]
[White "Pauly, Markus"]
[Black "Hristovski, Srdzan"]
[Result "0-1"]
[WhiteElo "1864"]
[BlackElo "2093"]
[PlyCount "108"]
[EventDate "2019.??.??"]
[WhiteTeam "Sfr. Erbach"]
[BlackTeam "SF Frankfurt"]

1. c4 e6 2. Nf3 d5 3. b3 c5 4. Bb2 Nf6 5. g3 Nc6 6. Bg2 Be7 7. O-O b6 8. e3 Ba6
9. Qe2 O-O 10. Nc3 Rc8 11. Rfd1 e5 12. d4 cxd4 13. exd4 e4 14. Ne5 Bd6 15. Nb5
Bxb5 16. cxb5 Nb4 17. Rd2 Nd7 18. a3 Bxe5 19. dxe5 Nd3 20. f3 Nxb2 21. Rxb2 Qe7
22. fxe4 d4 23. Rd2 Nc5 24. Rb1 Qxe5 25. b4 Na4 26. Qd3 Nc3 27. Rf1 g6 28. a4
Rc7 29. Ra1 Rd8 30. h3 Re7 31. Kh2 h5 32. h4 Rd6 33. Rf2 Nxe4 34. Re2 f5 35.
Rae1 Rde6 36. Bxe4 fxe4 37. Rxe4 Qxe4 38. Rxe4 Rxe4 39. Kh3 Kg7 40. a5 Rg4 41.
Qc4 Re3 42. Qc7+ Kf6 43. Qxa7 Rgxg3+ 44. Kh2 Rgf3 45. Qxb6+ Ke5 46. a6 Re2+ 47.
Kg1 Ra3 48. Kf1 Rc2 49. Qa5 Rxa5 50. bxa5 Kd6 51. a7 Rc8 52. Ke2 Kc7 53. Kd3
Kb7 54. b6 Rd8 0-1

[Event "Frankfurt Ch A 2019"]
[Site "Ffm-Höchst, BiKuZ"]
[Date "2019.06.17"]
[Round "7.10"]
[White "Rolf, Marco"]
[Black "Steudel, Max"]
[Result "1/2-1/2"]
[WhiteElo "2026"]
[BlackElo "1970"]
[PlyCount "103"]
[EventDate "2019.??.??"]
[WhiteTeam "SK Gernsheim"]
[BlackTeam "SC Brett vorm Kopp"]

1. d4 d5 2. c4 e6 3. Nc3 Be7 4. Nf3 Nf6 5. Bg5 O-O 6. cxd5 Nxd5 7. Bxe7 Qxe7 8.
e4 Nxc3 9. bxc3 c5 10. Be2 b6 11. O-O cxd4 12. cxd4 Bb7 13. Bd3 Nd7 14. Qd2 Nf6
15. Qf4 Rfd8 16. Rfe1 Rac8 17. Rad1 Nd7 18. Bb1 Qf6 19. Qg3 Nf8 20. d5 exd5 21.
e5 Qe7 22. Nd4 Ng6 23. Nf5 Qb4 24. h4 Rc3 25. f3 Bc8 26. Qg5 Rf8 27. h5 h6 28.
Nxh6+ gxh6 29. Qf6 Qe7 30. hxg6 Qxf6 31. exf6 fxg6 32. Rxd5 Rxf6 33. Be4 Be6
34. Rd6 Kf7 35. Bd5 Bxd5 36. Rd7+ Kg8 37. Rxd5 Rf7 38. Re6 Kh7 39. Rdd6 Rg7 40.
f4 Rc5 41. g4 Rf7 42. f5 gxf5 43. Rxh6+ Kg8 44. g5 f4 45. g6 Rf8 46. Rd7 f3 47.
Rh8+ Kxh8 48. g7+ Kg8 49. gxf8=Q+ Kxf8 50. Rxa7 Ra5 51. Rb7 Rxa2 52. Rxb6
1/2-1/2